000 00857cam a22002655a 4500
001 16508022
005 20150628141201.0
008 101019t2011 flua frb 001 0 eng d
020 _a9781439834497
040 _aDLC
_beng
_cDLC
_dEG-ScBUE
082 0 4 _a621.042
_bNEL
_222
100 1 _aNelson, Vaughn.
_938197
245 1 0 _aIntroduction to renewable energy /
_cVaughn Nelson.
260 _aBoca Raton :
_bCRC Press / Taylor &Francis Group,
_cc.2011.
300 _axxiii, 384 p. :
_bill. ;
_c25 cm.
490 1 _aEnergy and the environment
500 _aIndex : p. 351-384.
504 _aIncludes bibliographical references.
650 0 _aRenewable energy sources.
_2BUEsh
651 _2BUEsh
653 _bENGGEN
_cJune2015
655 _vreading book
_934232
830 0 _aEnergy and the environment (Boca Raton, Fla.)
942 _2ddc
_k621.042 NEL
999 _c19525
_d19497